000 01182cam a2200289 a 4500
001 000020186
005 20200929170314.0
008 860916s1964 sp 001 0 spa d
040 _aDO-SdBNP
_bspa
_cBNPHU
082 _a863.5
_bF363i
100 1 _aFernández Flórez, Wenceslao,
_d1885-1964
_922402
245 1 0 _aImpresiones de un hombre de buena fe :
_b(1920-1936) /
_cWenceslao Fernández Flórez.
260 _aMadrid, (España) :
_bEditorial Espasa-Calpe,
_c1964.
300 _av.2 ;
_c18 cm.
490 1 _aAustral. Amarilla: libros póliticos y documentos de la época ;
_v1343
500 _aIncluye índice de autores.
500 _aIncluye referencia biográfica del autor en la solapa.
500 _aVolumen extra.
504 _aIncluye referencias bibliográficas y notas al pie de las páginas.
505 0 _a1. 1914-1919 -- 2. 1920-1936.
650 4 _aCuentos españoles
_93194
650 4 _aCrónicas españolas
_941641
651 4 _aEspaña
_xCortes
_xCongreso De Los Diputados
_941642
651 4 _aEspaña
_xPolítica Y Gobierno
_y1886-1931.
_919195
830 0 _aAustral. Amarilla: libros póliticos y documentos de la época;
_v1343
_941487
049 _aBNGR
999 _c19693
_d19693